| 000 | 00914cab a2200265 4500 | ||
|---|---|---|---|
| 001 | ABS49164 | ||
| 008 | 090401t1993 xxu||||| |||| 00| 0 eng d | ||
| 035 | _a(Sirsi) u70228 | ||
| 041 | _aeng | ||
| 100 | _aBrett, M. | ||
| 245 | 4 | _aThe new numbers game | |
| 260 | _c1993 | ||
| 350 | _a0 | ||
| 490 |
_aEstates Gazette _v(9931) 7 August 1993, 31-32; (9933) 21 August 1993 |
||
| 520 | _aExamines the new accounting regime for property companies which should result in more informative accounts. Lists the main changes and discusses the effects of the forthcoming standard on accounting for capital instruments. | ||
| 650 | _aACCOUNTING STANDARDS BOARD | ||
| 650 | _aCAPITAL INSTRUMENTS | ||
| 650 | _aCOMPANY ACCOUNTS | ||
| 650 | _aDEBT REORGANISATION | ||
| 650 | _aFRED 3 | ||
| 650 | _aPROPERTY COMPANIES | ||
| 690 | _aPROPERTY-PROPERTY FINANCE AND INVESTMENT | ||
| 942 | _n0 | ||
| 948 | _c04/03/1997 | ||
| 999 |
_c44174 _d44174 |
||